Lecciones de filosofía: en conformidad al programa oficial V año de humanidades
Gespeichert in:
| 1. Verfasser: | |
|---|---|
| Format: | Buch |
| Sprache: | Spanisch |
| Veröffentlicht: |
Santiago
Universo
1953
|
| Ausgabe: | 9a. ed |
| Schlagworte: | |
| Tags: |
Tag hinzufügen
Keine Tags, Fügen Sie den ersten Tag hinzu!
|
MARC
| LEADER | 00000nam a2200000 a 4500 | ||
|---|---|---|---|
| 001 | UCU6428 | ||
| 003 | CL-VaPUC | ||
| 008 | 960621e19530000CL |||||||||||||||||spa|d | ||
| 082 | 0 | 4 | |a 100 |b FER |2 21 |
| 100 | 0 | |a Fernández Riffo, Pedro |e author |9 364582 | |
| 245 | 1 | 0 | |a Lecciones de filosofía: en conformidad al programa oficial V año de humanidades |
| 250 | |a 9a. ed | ||
| 300 | |a v | ||
| 942 | |c BK | ||
| 945 | |d 19960621 00:00:00 |a rbrito | ||
| 260 | |a Santiago |b Universo |c 1953 | ||
| 650 | 0 | |a Enseñanza de la filosofía |9 256848 | |
| 650 | 0 | |a Psicología |9 257863 | |
| 650 | 0 | |a Lógica |9 256849 | |
| 650 | 0 | |a Imaginación |9 269378 | |
| 650 | 0 | |a Lenguaje |9 265069 | |
| 650 | 7 | |a PSICOLOGIA AFECTIVA |2 CL-VaPUC |9 364583 | |
| 650 | 7 | |a CARACTER |2 CL-VaPUC |9 308186 | |
| 650 | 0 | |a Pensamiento |9 307612 | |
| 583 | |a last modification |c 19960621 00:00:00 |k Rodrigo Vera | ||
| 999 | |c 249342 |d 249340 | ||
| 952 | |0 0 |1 0 |4 0 |6 100_000000000000000_FER_1953 |7 0 |8 P |9 266547 |a BIBEDU |b BIBEDU |c BIBEDU_PB |d 2019-11-19 |h v.1 |i 312357K |o 100 FER 1953 |p 312357K |r 2024-01-25 |w 2019-11-19 |y BK |k FIL | ||